Fill in the Border, complete the Map of England - Statistics

General Stats
  • This quiz has been taken 67 times
  • The average score is 18 of 25
Answers on the Map
Answers color-coded by a green-red scale on the quiz's map according to % correct below.
 
Answer Stats
County % Correct
Cornwall
100%
Devon
94%
Dorset
81%
East Sussex
75%
Kent
75%
Norfolk
75%
Somerset
75%
Suffolk
75%
West Sussex
75%
East Riding of Yorkshire
74%
Essex
74%
Northumberland
74%
North Yorkshire
74%
Lincolnshire
72%
Cumbria
70%
Hampshire
70%
Merseyside
70%
Durham
68%
Tyne and Wear
68%
Cheshire
66%
City of Bristol
66%
Gloucestershire
64%
Lancashire
64%
Shropshire
60%
Herefordshire
58%
No matching quizzes found
Score Distribution
Percent of People with Each Score
Percentile by Number Answered
Your Score History
You have not taken this quiz